[Event "Heart of Finland op 21st"]
[Site "Jyvaskyla"]
[Date "2011.07.17"]
[Round "9"]
[White "Rantanen, Yrjo A"]
[Black "Sepman, Yulius"]
[Result "1-0"]
[WhiteElo "2382"]
[BlackElo "2319"]
[PlyCount "113"]
[EventDate "2011.07.11"]
[EventType "swiss"]
[EventRounds "9"]
[EventCountry "FIN"]
[SourceTitle "CBM 143 Extra"]
[Source "ChessBase"]
[SourceDate "2011.08.29"]
[SourceVersion "1"]
[SourceVersionDate "2011.08.29"]
[SourceQuality "1"]

1. e4 e5 2. Nf3 Nc6 3. Bb5 a6 4. Ba4 Nf6 5. 0-0 Nxe4 6. d4 b5 7. Bb3 d5 8. dxe5 Be6 9. c3 Bc5 10. Qd3 0-0 11. Be3 Na5 12. Nbd2 Bxe3 13. Qxe3 Nxd2 14. Nxd2 Qe7 15. Bc2 f5 16. exf6 Rxf6 17. Rae1 Qd6 18. b4 Nc6 19. Nf3 Raf8 20. Ng5 Bf5 21. Bxf5 Rxf5 22. Qe6+ Qxe6 23. Nxe6 Rc8 24. f4 a5 25. bxa5 Nxa5 26. Nd4 Rf6 27. Nxb5 c6 28. Nd4 Nc4 29. Rf2 Nd6 30. g3 c5 31. Nf3 Ne4 32. Rc2 c4 33. Rb1 Ra6 34. Nd2 Rca8 35. Nxe4 dxe4 36. Re1 Rxa2 37. Rxa2 Rxa2 38. Rxe4 Ra4 39. g4 h5 40. g5 Kf7 41. Kg2 Kg6 42. Kg3 Ra1 43. h3 Rd1 44. Rxc4 Rd3+ 45. Kh4 Kf5 46. Rc5+ Kxf4 47. Kxh5 Rxh3+ 48. Kg6 Rg3 49. c4 Rg1 50. Rf5+ Ke4 51. Rf7 Rc1 52. Kxg7 Rxc4 53. g6 Ke5 54. Kh7 Ke6 55. Rf1 Ke7 56. Rh1 Rc1 57. Rxc1 1-0

[Event "Heart of Finland op 21st"]
[Site "Jyvaskyla"]
[Date "2011.07.15"]
[Round "7"]
[White "Sepman, Yulius"]
[Black "Kiuttu, Roope"]
[Result "1-0"]
[WhiteElo "2319"]
[BlackElo "2283"]
[PlyCount "79"]
[EventDate "2011.07.11"]
[EventType "swiss"]
[EventRounds "9"]
[EventCountry "FIN"]
[SourceTitle "CBM 143 Extra"]
[Source "ChessBase"]
[SourceDate "2011.08.29"]
[SourceVersion "1"]
[SourceVersionDate "2011.08.29"]
[SourceQuality "1"]

1. e4 c5 2. Nc3 Nc6 3. Nf3 e6 4. Bb5 Nd4 5. 0-0 a6 6. Bd3 Nc6 7. Be2 Qc7 8. d4 cxd4 9. Nxd4 Nf6 10. Kh1 Nxd4 11. Qxd4 Bc5 12. Qd2 b5 13. Qg5 0-0 14. Bf4 d6 15. e5 Nd7 16. exd6 Bxd6 17. Bxd6 Qxd6 18. Rfd1 Qc5 19. Qxc5 Nxc5 20. b4 Nd7 21. a4 bxa4 22. Nxa4 Ra7 23. Rd6 Re8 24. c4 Rc7 25. c5 Nb8 26. Nb6 Bb7 27. Nc4 Kf8 28. Na5 Bc8 29. Rad1 Ke7 30. Kg1 Rd7 31. Rxd7+ Bxd7 32. Rd6 Rd8 33. f4 Ba4 34. Rb6 Rd2 35. Bf3 Nd7 36. Rxa6 Rc2 37. Ra7 Kf6 38. Nb7 Bb3 39. Nd6 Ke7 40. Bc6 1-0

[Event "Heart of Finland op 21st"]
[Site "Jyvaskyla"]
[Date "2011.07.14"]
[Round "6"]
[White "Alho, Sauli"]
[Black "Sepman, Yulius"]
[Result "0-1"]
[WhiteElo "2160"]
[BlackElo "2319"]
[PlyCount "92"]
[EventDate "2011.07.11"]
[EventType "swiss"]
[EventRounds "9"]
[EventCountry "FIN"]
[SourceTitle "CBM 143 Extra"]
[Source "ChessBase"]
[SourceDate "2011.08.29"]
[SourceVersion "1"]
[SourceVersionDate "2011.08.29"]
[SourceQuality "1"]

1. e4 e5 2. Nf3 Nc6 3. Bb5 Nf6 4. 0-0 Nxe4 5. Re1 Nd6 6. Bxc6 dxc6 7. Nxe5 Be7 8. d4 Be6 9. Nd2 Nf5 10. c3 c5 11. dxc5 Bxc5 12. Qa4+ c6 13. Ne4 Be7 14. Rd1 Qb6 15. g4 Nh4 16. Be3 Qc7 17. Bf4 Nf3+ 18. Nxf3 Qxf4 19. Ne1 Qxg4+ 20. Kh1 0-0 21. f3 Qf4 22. Rd4 b5 23. Qc2 Rad8 24. Rad1 Rxd4 25. Rxd4 Bd5 26. Qe2 Qc1 27. Rd1 Qh6 28. Nc2 f5 29. Ng3 Bd6 30. Kg2 Qg6 31. Kf2 Qh6 32. Kg2 Qg6 33. Kf2 Bc5+ 34. Nd4 Qh6 35. Kg2 Qg6 36. Kh1 Re8 37. Qf2 Qg4 38. Rd3 f4 39. Nge2 g5 40. Qf1 Qh5 41. Qg2 Kh8 42. h3 Re5 43. Qg4 Qxg4 44. hxg4 Bxa2 45. Kg2 Bc4 46. Rd2 Bd5 0-1

[Event "Heart of Finland op 21st"]
[Site "Jyvaskyla"]
[Date "2011.07.14"]
[Round "5"]
[White "Sepman, Yulius"]
[Black "Sulskis, Sarunas"]
[Result "0-1"]
[WhiteElo "2319"]
[BlackElo "2591"]
[PlyCount "127"]
[EventDate "2011.07.11"]
[EventType "swiss"]
[EventRounds "9"]
[EventCountry "FIN"]
[SourceTitle "CBM 143 Extra"]
[Source "ChessBase"]
[SourceDate "2011.08.29"]
[SourceVersion "1"]
[SourceVersionDate "2011.08.29"]
[SourceQuality "1"]

1. e4 d6 2. d4 Nf6 3. Nc3 g6 4. Nf3 Bg7 5. Be2 0-0 6. 0-0 c5 7. dxc5 dxc5 8. Qxd8 Rxd8 9. Be3 b6 10. Rad1 Nc6 11. h3 Bb7 12. e5 Nd7 13. e6 fxe6 14. Bc4 Nf8 15. Ng5 Bxc3 16. bxc3 Ne5 17. Bxe6+ Nxe6 18. Nxe6 Rd6 19. Bf4 Rxe6 20. Rfe1 Nf3+ 21. gxf3 Rxe1+ 22. Rxe1 Kf7 23. Bg5 Re8 24. f4 Bd5 25. Kh2 a5 26. a3 b5 27. Re5 e6 28. Re3 a4 29. f5 gxf5 30. Bf4 Be4 31. Be5 Rd8 32. Rg3 Rd5 33. f4 Rd2+ 34. Kg1 h5 35. Rg7+ Ke8 36. Rh7 Rxc2 37. Rxh5 Rg2+ 38. Kf1 Ra2 39. h4 Rxa3 40. Rh8+ Kd7 41. h5 Ra1+ 42. Kf2 a3 43. h6 Rh1 44. Rh7+ Kc6 45. Ra7 Rxh6 46. Rxa3 Kd5 47. Ra7 Rh2+ 48. Ke3 Kc4 49. Rc7 Rh3+ 50. Kd2 Rd3+ 51. Ke2 Bf3+ 52. Kf2 Bd5 53. Ke2 Rh3 54. Kd2 Rh2+ 55. Ke1 b4 56. cxb4 Kxb4 57. Rc8 c4 58. Kd1 Be4 59. Rb8+ Ka3 60. Kc1 c3 61. Rh8 Rb2 62. Rb8 Rf2 63. Rd8 c2 64. Rc8 0-1

[Event "Heart of Finland op 21st"]
[Site "Jyvaskyla"]
[Date "2011.07.13"]
[Round "4"]
[White "Tuomala, Timo"]
[Black "Sepman, Yulius"]
[Result "0-1"]
[WhiteElo "2240"]
[BlackElo "2319"]
[PlyCount "74"]
[EventDate "2011.07.11"]
[EventType "swiss"]
[EventRounds "9"]
[EventCountry "FIN"]
[SourceTitle "CBM 143 Extra"]
[Source "ChessBase"]
[SourceDate "2011.08.29"]
[SourceVersion "1"]
[SourceVersionDate "2011.08.29"]
[SourceQuality "1"]

1. Nf3 Nc6 2. d4 d5 3. c4 Bg4 4. cxd5 Bxf3 5. gxf3 Qxd5 6. e3 e5 7. Nc3 Bb4 8. Bd2 Bxc3 9. bxc3 Nge7 10. c4 Qd6 11. d5 Nb8 12. Qa4+ Nd7 13. Bh3 c5 14. Rb1 b6 15. Bc3 f5 16. 0-0 0-0 17. Kh1 Rf6 18. f4 Rh6 19. fxe5 Nxe5 20. f4 Nxc4 21. Rf3 Rxh3 22. Rxh3 Qxd5+ 23. Kg1 Nc6 24. Rg3 g6 25. Rd1 Qe6 26. Qb3 Kf7 27. Ba1 Rg8 28. Qc3 Nd6 29. Rh3 h5 30. Qd3 Ke7 31. Qa6 g5 32. Kf1 Qe4 33. Rxh5 Qf3+ 34. Ke1 Qxh5 35. Be5 Qh4+ 36. Kd2 Nxe5 37. fxe5 Qb4+ 0-1

[Event "Heart of Finland op 21st"]
[Site "Jyvaskyla"]
[Date "2011.07.12"]
[Round "2"]
[White "Novik, Maxim"]
[Black "Sepman, Yulius"]
[Result "1/2-1/2"]
[WhiteElo "2478"]
[BlackElo "2319"]
[PlyCount "48"]
[EventDate "2011.07.11"]
[EventType "swiss"]
[EventRounds "9"]
[EventCountry "FIN"]
[SourceTitle "CBM 143 Extra"]
[Source "ChessBase"]
[SourceDate "2011.08.29"]
[SourceVersion "1"]
[SourceVersionDate "2011.08.29"]
[SourceQuality "1"]

1. Nf3 d5 2. g3 Nf6 3. Bg2 e6 4. 0-0 Be7 5. d3 b6 6. Nbd2 Bb7 7. e4 c5 8. Re1 Nc6 9. c3 Qc7 10. Qe2 a5 11. a4 Rd8 12. Nb1 c4 13. dxc4 dxe4 14. Ng5 Ne5 15. Nxe4 Nxe4 16. Bxe4 Bxe4 17. Qxe4 Nxc4 18. b3 Nd6 19. Qf3 0-0 20. Na3 Bf6 21. Bb2 Qb7 22. Qe2 Rd7 23. Rad1 Rfd8 24. Nb5 Ra8 1/2-1/2

[Event "RUS-chT2 17th"]
[Site "Dagomys"]
[Date "2010.04.04"]
[Round "3"]
[White "Sepman, Yulius"]
[Black "Ovetchkin, Roman"]
[Result "1-0"]
[WhiteElo "2306"]
[BlackElo "2530"]
[PlyCount "161"]
[EventDate "2010.04.01"]
[EventType "team-tourn"]
[EventRounds "7"]
[EventCountry "RUS"]
[SourceTitle "CBM 135 Extra"]
[Source "ChessBase"]
[SourceDate "2010.05.04"]
[SourceVersion "1"]
[SourceVersionDate "2010.05.04"]
[SourceQuality "1"]

1. e4 c6 2. d4 d5 3. Nd2 dxe4 4. Nxe4 Bf5 5. Nc5 Nd7 6. Nxb7 Qc7 7. Nc5 Nxc5 8. dxc5 Rd8 9. Bd3 e6 10. Be3 Nf6 11. Nf3 Ng4 12. b4 Be7 13. Qe2 Bf6 14. Rb1 Nxe3 15. Qxe3 Bc3+ 16. Ke2 Bg4 17. Rhd1 Bd4 18. Qg5 Bxf3+ 19. Kxf3 Rd5 20. Qf4 Be5 21. Qe3 Bd4 22. Qf4 e5 23. Qg3 0-0 24. Ke2 Rdd8 25. c3 Bxc3 26. Bxh7+ Kxh7 27. Qxc3 e4 28. Qg3 Qe7 29. Rd6 Kg8 30. Rbd1 Rb8 31. a3 Qb7 32. Kf1 a5 33. R6d4 axb4 34. axb4 Qa6+ 35. Kg1 Qa4 36. Qc3 Rfe8 37. Ra1 Qb5 38. Re1 Qa4 39. Ra1 Qb5 40. Re1 Qa4 41. h3 Qa2 42. Rdxe4 Rxe4 43. Rxe4 Qb1+ 44. Re1 Qxb4 45. Qxb4 Rxb4 46. Re8+ Kh7 47. Rc8 Kg6 48. Rxc6+ Kf5 49. Rc7 Ke6 50. g3 g5 51. Kg2 Rc4 52. Kf3 f6 53. c6 Rc3+ 54. Kg2 Kd6 55. Rc8 Rc5 56. c7 Rc6 57. Kf3 Kd7 58. Rd8+ Kxc7 59. Rd5 Rc4 60. Rf5 Rc6 61. Kg4 Kd7 62. Kh5 Ke7 63. Kg6 Ra6 64. Rf3 Rb6 65. Kg7 Ra6 66. Re3+ Kd7 67. Kf7 f5 68. Rd3+ Kc7 69. Rd5 f4 70. Rxg5 Ra2 71. Rf5 fxg3 72. fxg3 Ra3 73. g4 Rxh3 74. g5 Rh5 75. Kg6 Rh1 76. Rd5 Kc6 77. Rd2 Kc7 78. Kg7 Rg1 79. g6 Kc6 80. Kf7 Rf1+ 81. Kg8 1-0

[Event "St Petersburg op"]
[Site "St Petersburg"]
[Date "2007.11.02"]
[Round "7"]
[White "Korchagina, Victoria"]
[Black "Sepman, Yulius"]
[Result "0-1"]
[WhiteElo "2173"]
[BlackElo "2310"]
[PlyCount "212"]
[EventDate "2007.10.27"]
[EventType "swiss"]
[EventRounds "9"]
[EventCountry "RUS"]
[SourceTitle "CBM 121 Extra"]
[Source "ChessBase"]
[SourceDate "2008.01.10"]
[SourceVersion "1"]
[SourceVersionDate "2008.01.10"]
[SourceQuality "1"]

1. e4 e5 2. Nf3 Nc6 3. Bb5 Nf6 4. 0-0 Nxe4 5. d4 Nd6 6. Bxc6 dxc6 7. dxe5 Nf5 8. Qxd8+ Kxd8 9. Nc3 h6 10. b3 Be6 11. Bb2 b6 12. Rad1+ Kc8 13. Ne2 c5 14. Nf4 g5 15. Nxe6 fxe6 16. Nd2 Bg7 17. Ne4 Rd8 18. Rxd8+ Kxd8 19. Nf6 Bxf6 20. exf6 Ke8 21. Rd1 Nd4 22. h4 Rd8 23. Kf1 Kf7 24. c3 Nc6 25. Rxd8 Nxd8 26. Bc1 Kxf6 27. Ke2 Nf7 28. hxg5+ hxg5 29. f4 g4 30. Kd3 Kf5 31. g3 Nd6 32. Bd2 Kf6 33. Be1 Ke7 34. Bf2 Kd7 35. a4 Kc6 36. Be3 Kd5 37. c4+ Kc6 38. Bf2 Kd7 39. Be3 Ke7 40. Bf2 Kf6 41. Be3 Kg6 42. Bf2 Kf5 43. Be1 Ne4 44. Ke3 Nf6 45. Bc3 Ne4 46. Be1 Nd6 47. Bc3 Kg6 48. Be1 Kf7 49. Bf2 Ke7 50. Kd3 Kd7 51. Be3 Kc6 52. Bf2 a6 53. Be3 Kd7 54. Bf2 Ke7 55. Be3 Kf6 56. Bf2 Kg6 57. Be3 Kf6 58. Bf2 Kf5 59. Be1 Ne4 60. Ke3 Nf6 61. Bc3 Ne4 62. Be1 Nd6 63. Kd3 Kg6 64. Bf2 Kf7 65. Be1 Ke7 66. Bf2 Kd7 67. Be3 Nf5 68. Bf2 Ne7 69. Be1 Nf5 70. Bf2 Nd6 71. Be3 Kc6 72. Bf2 b5 73. axb5+ axb5 74. Be3 Nb7 75. Bd2 Kb6 76. Be3 Na5 77. Kc3 Kc6 78. Bf2 Kd6 79. Be3 Nb7 80. Kd3 Na5 81. Kc3 c6 82. Bf2 Nb7 83. Kd3 Ke7 84. Be3 Kf6 85. Bf2 Kf5 86. Be3 Kg6 87. Bf2 Kf6 88. Be3 Kg6 89. Bf2 Kf5 90. Be3 Na5 91. Kc3 bxc4 92. bxc4 Ke4 93. Bxc5 Nb7 94. Be7 c5 95. Bf6 Nd6 96. Be7 Nf5 97. Bxc5 Nxg3 98. Bb6 Ne2+ 99. Kd2 Nxf4 100. c5 Nd5 101. Ke2 g3 102. Ba7 Ne7 103. Bb8 e5 104. Bd6 Nc6 105. Bf8 Nd4+ 106. Kf1 Kf3 0-1

[Event "St Petersburg op"]
[Site "St Petersburg"]
[Date "2007.10.31"]
[Round "5"]
[White "Fedoseev, Vladimir1111"]
[Black "Sepman, Yulius"]
[Result "1-0"]
[WhiteElo "2236"]
[BlackElo "2310"]
[PlyCount "77"]
[EventDate "2007.10.27"]
[EventType "swiss"]
[EventRounds "9"]
[EventCountry "RUS"]
[SourceTitle "CBM 121 Extra"]
[Source "ChessBase"]
[SourceDate "2008.01.10"]
[SourceVersion "1"]
[SourceVersionDate "2008.01.10"]
[SourceQuality "1"]

1. e4 e5 2. Nf3 Nc6 3. Bb5 a6 4. Ba4 Nf6 5. 0-0 Nxe4 6. d4 b5 7. Bb3 d5 8. dxe5 Be6 9. Nbd2 Nc5 10. c3 Be7 11. Bc2 Bg4 12. Re1 d4 13. h3 Bh5 14. b4 d3 15. bxc5 dxc2 16. Qxc2 Bg6 17. Qb3 Bxc5 18. Ne4 Na5 19. Qb2 Bxe4 20. Rxe4 Qd3 21. Qe2 0-0-0 22. Bg5 Qxe2 23. Rxe2 Rd3 24. a4 Nb3 25. Raa2 h6 26. Be3 Rhd8 27. axb5 Bxe3 28. Rxe3 Rxe3 29. fxe3 axb5 30. Ra8+ Kd7 31. e6+ fxe6 32. Ne5+ Ke8 33. Ra6 Rd6 34. Ra8+ Rd8 35. Ra6 Nc5 36. Ra5 Rd1+ 37. Kf2 Rd5 38. Ra8+ Ke7 39. Ng6+ 1-0

[Event "St Petersburg op"]
[Site "St Petersburg"]
[Date "2007.10.28"]
[Round "2"]
[White "Sepman, Yulius"]
[Black "Prelovskij, Rudolf"]
[Result "1-0"]
[WhiteElo "2310"]
[BlackElo "2181"]
[PlyCount "91"]
[EventDate "2007.10.27"]
[EventType "swiss"]
[EventRounds "9"]
[EventCountry "RUS"]
[SourceTitle "CBM 121 Extra"]
[Source "ChessBase"]
[SourceDate "2008.01.10"]
[SourceVersion "1"]
[SourceVersionDate "2008.01.10"]
[SourceQuality "1"]

1. d4 d6 2. e4 Nd7 3. Nf3 e5 4. Nc3 Ngf6 5. Bc4 h6 6. 0-0 c6 7. a4 Be7 8. h3 0-0 9. Be3 Re8 10. Ba2 Qc7 11. Qd2 Nf8 12. Rad1 Be6 13. Bxe6 Nxe6 14. Rfe1 a6 15. d5 Nf8 16. Nxe5 dxe5 17. d6 Bxd6 18. Qxd6 Qxd6 19. Rxd6 Ne6 20. Bb6 a5 21. Red1 Kf8 22. f3 Ke7 23. f4 Ra6 24. fxe5 Rxb6 25. exf6+ gxf6 26. Rd7+ Kf8 27. b3 Re7 28. R7d3 Nc5 29. Rf3 Nd7 30. Rf5 Ra6 31. Rh5 Kg7 32. Ne2 Ne5 33. Ng3 Rd7 34. Nf5+ Kg8 35. Nxh6+ Kg7 36. Nf5+ Kg8 37. Rxd7 Nxd7 38. Rh4 Ne5 39. Nd6 Rb6 40. Rf4 Rb4 41. Rxf6 b5 42. Rf5 f6 43. axb5 cxb5 44. Rxf6 a4 45. bxa4 bxa4 46. Re6 1-0

[Event "RUS-ch U20"]
[Site "Samara"]
[Date "2004.03.12"]
[Round "11"]
[White "Luchkin, Alexander"]
[Black "Sepman, Yulius"]
[Result "0-1"]
[WhiteElo "2217"]
[BlackElo "2314"]
[PlyCount "96"]
[EventDate "2004.03.??"]
[EventType "swiss"]
[EventRounds "11"]
[EventCountry "RUS"]
[SourceTitle "EXT 2005"]
[Source "ChessBase"]
[SourceDate "2004.11.15"]
[SourceVersion "1"]
[SourceVersionDate "2004.11.15"]
[SourceQuality "1"]

1. d4 d5 2. Nf3 Nc6 3. e3 Bg4 4. h3 Bxf3 5. Qxf3 e6 6. Qg3 Nf6 7. Nd2 Nb4 8. Bd3 Qd6 9. f4 Nxd3+ 10. cxd3 Qa6 11. e4 dxe4 12. dxe4 0-0-0 13. Qe3 Bb4 14. a3 Ba5 15. Rb1 Bxd2+ 16. Bxd2 Qc6 17. e5 Nd5 18. Qe4 Ne7 19. Qxc6 Nxc6 20. Be3 Nxd4 21. Kf2 Rd5 22. Rhd1 Rhd8 23. Rd2 Nf5 24. Rxd5 Rxd5 25. g4 Ne7 26. Ke2 b6 27. Rc1 Kb7 28. h4 h5 29. gxh5 Nf5 30. Bf2 Rd8 31. Rg1 Rh8 32. Rg5 c5 33. Kd3 Kc6 34. Kc3 a6 35. a4 b5 36. a5 Kd5 37. b4 cxb4+ 38. Kxb4 Rc8 39. Rg1 Rc4+ 40. Kb3 Rxf4 41. Bb6 Rf3+ 42. Kb4 Rd3 43. h6 Ne7 44. Rc1 gxh6 45. Rc5+ Ke4 46. Rc1 Kxe5 47. Bf2 Kd5 48. Rc5+ Kd6 0-1

[Event "RUS-ch U20"]
[Site "Samara"]
[Date "2004.03.11"]
[Round "10"]
[White "Sepman, Yulius"]
[Black "Nechepurenko, Roman V"]
[Result "0-1"]
[WhiteElo "2314"]
[BlackElo "2342"]
[PlyCount "160"]
[EventDate "2004.03.??"]
[EventType "swiss"]
[EventRounds "11"]
[EventCountry "RUS"]
[SourceTitle "EXT 2005"]
[Source "ChessBase"]
[SourceDate "2004.11.15"]
[SourceVersion "1"]
[SourceVersionDate "2004.11.15"]
[SourceQuality "1"]

1. d4 Nf6 2. Nf3 g6 3. g3 c5 4. c3 b6 5. Bg2 Bb7 6. 0-0 Bg7 7. Bg5 0-0 8. Nbd2 d6 9. Re1 Nbd7 10. e4 h6 11. Bxf6 Nxf6 12. Qe2 cxd4 13. cxd4 e6 14. Rad1 Rc8 15. e5 Nd7 16. Ne4 Bxe4 17. Qxe4 d5 18. Qb1 Nb8 19. Rc1 Qd7 20. Bf1 Rxc1 21. Rxc1 Rc8 22. Rxc8+ Qxc8 23. Bd3 Qc7 24. Kg2 a6 25. g4 b5 26. h4 Nc6 27. Qc1 Qb6 28. Qf4 Qa5 29. Qc1 Qb6 30. Bb1 Ne7 31. h5 g5 32. Qc2 Kf8 33. Qh7 Ng8 34. Qd3 Qc6 35. Nd2 Qc1 36. Qa3+ Ne7 37. Qxa6 Kg8 38. Qa8+ Bf8 39. Bh7+ Kg7 40. Nb3 Qd1 41. f3 Qe2+ 42. Kg3 Qf1 43. Nc5 Qg1+ 44. Kh3 Qf2 45. Nd7 Qxf3+ 46. Kh2 Qf2+ 47. Kh3 Qh4+ 48. Kg2 Qxg4+ 49. Kf1 Qf3+ 50. Ke1 Qe3+ 51. Kf1 Qc1+ 52. Kg2 Qxb2+ 53. Kf3 Qc3+ 54. Ke2 Qc8 55. Qxc8 Nxc8 56. Bd3 Na7 57. Nf6 Be7 58. Ne8+ Kf8 59. Nc7 b4 60. Nb5 Nc6 61. Kf3 f6 62. exf6 Bxf6 63. Ke3 Ke7 64. Be2 Kd7 65. Bg4 Bd8 66. Kd3 Bb6 67. Bh3 Ne7 68. Bg4 Kc6 69. a4 Nf5 70. Bd1 Nd6 71. Bg4 Nxb5 72. axb5+ Kd6 73. Bd1 e5 74. dxe5+ Kxe5 75. Bf3 d4 76. Kc4 Kf4 77. Bd5 Ke3 78. Kxb4 d3 79. Kc3 d2 80. Kc2 Ke2 0-1

[Event "RUS-ch U20"]
[Site "Samara"]
[Date "2004.03.04"]
[Round "3"]
[White "Ponkratov, Pavel"]
[Black "Sepman, Yulius"]
[Result "1-0"]
[WhiteElo "2392"]
[BlackElo "2314"]
[PlyCount "84"]
[EventDate "2004.03.??"]
[EventType "swiss"]
[EventRounds "11"]
[EventCountry "RUS"]
[SourceTitle "EXT 2005"]
[Source "ChessBase"]
[SourceDate "2004.11.15"]
[SourceVersion "1"]
[SourceVersionDate "2004.11.15"]
[SourceQuality "1"]

1. e4 e5 2. Nf3 Nc6 3. d4 exd4 4. Nxd4 Nf6 5. Nxc6 bxc6 6. e5 Qe7 7. Qe2 Nd5 8. c4 Ba6 9. b3 g6 10. g3 Bg7 11. Bb2 0-0 12. Bg2 Rae8 13. 0-0 Bxe5 14. Qxe5 Qxe5 15. Bxe5 Rxe5 16. cxd5 Bxf1 17. Kxf1 cxd5 18. Nc3 c6 19. Na4 Rfe8 20. Bf3 Kf8 21. Nc5 Ke7 22. Nd3 Re6 23. Rc1 Kd6 24. b4 Ra8 25. Nc5 Ree8 26. a4 Rab8 27. Nd3 Ra8 28. a5 Rab8 29. h4 f5 30. Re1 Re4 31. Bxe4 dxe4 32. Nf4 Rxb4 33. Rd1+ Ke7 34. Nh3 d5 35. Rc1 Kd6 36. Ng5 c5 37. Nxh7 d4 38. Nf8 c4 39. Nxg6 c3 40. h5 d3 41. h6 Rb7 42. Nh4 Ke6 1-0

[Event "RUS-ch U20"]
[Site "Samara"]
[Date "2004.03.03"]
[Round "2"]
[White "Aleshin, Oleg"]
[Black "Sepman, Yulius"]
[Result "1-0"]
[WhiteElo "2403"]
[BlackElo "2314"]
[PlyCount "73"]
[EventDate "2004.03.??"]
[EventType "swiss"]
[EventRounds "11"]
[EventCountry "RUS"]
[SourceTitle "EXT 2005"]
[Source "ChessBase"]
[SourceDate "2004.11.15"]
[SourceVersion "1"]
[SourceVersionDate "2004.11.15"]
[SourceQuality "1"]

1. d4 d5 2. c4 Nc6 3. cxd5 Qxd5 4. e3 e5 5. Nc3 Bb4 6. Bd2 Bxc3 7. bxc3 Nf6 8. f3 Qd6 9. Bd3 0-0 10. Ne2 b6 11. 0-0 Bb7 12. Be1 Nd5 13. Bf2 Qh6 14. Qc1 Rad8 15. e4 Nf4 16. Nxf4 exf4 17. Rd1 Ne7 18. Qa3 Nc8 19. c4 Qg5 20. c5 bxc5 21. Rab1 Ba8 22. Rb5 c6 23. Rxc5 Qe7 24. Qc1 Nb6 25. Qxf4 Na4 26. Rc2 Qa3 27. Qc1 Qe7 28. Bc4 Rb8 29. Bb3 Nb6 30. d5 cxd5 31. Bc5 Qe5 32. Bxf8 Rxf8 33. Bxd5 Bxd5 34. exd5 Nxd5 35. Rc5 Qe3+ 36. Qxe3 Nxe3 37. Rd3 1-0

[Event "St Petersburg White Nights op"]
[Site "St Petersburg"]
[Date "2004.??.??"]
[Round "6"]
[White "Pochinkov, Andrey"]
[Black "Sepman, Yulius"]
[Result "0-1"]
[WhiteElo "2176"]
[BlackElo "2314"]
[PlyCount "48"]
[EventDate "2004.06.??"]
[EventType "swiss"]
[EventRounds "9"]
[EventCountry "RUS"]
[SourceTitle "CBM 100 Extra"]
[Source "ChessBase"]
[SourceDate "2004.07.06"]
[SourceVersion "2"]
[SourceVersionDate "2004.07.06"]
[SourceQuality "1"]

1. e4 e5 2. Nf3 Nc6 3. Bb5 a6 4. Ba4 Nf6 5. Qe2 b5 6. Bb3 Bc5 7. c3 d6 8. h3 0-0 9. d3 a5 10. 0-0 h6 11. Rd1 Re8 12. Nbd2 a4 13. Bc2 Bb6 14. Nf1 d5 15. Ng3 d4 16. Nh4 dxc3 17. bxc3 b4 18. Ngf5 bxc3 19. Qf3 Bxf5 20. Nxf5 Nd4 21. Nxh6+ gxh6 22. Qg3+ Kh7 23. Qh4 Ng8 24. Qh5 Qf6 0-1

[Event "St Petersburg White Nights op"]
[Site "St Petersburg"]
[Date "2004.??.??"]
[Round "1"]
[White "Sepman, Yulius"]
[Black "Lychik, Robert Ivanovich"]
[Result "1-0"]
[WhiteElo "2314"]
[BlackElo "2043"]
[PlyCount "145"]
[EventDate "2004.06.??"]
[EventType "swiss"]
[EventRounds "9"]
[EventCountry "RUS"]
[SourceTitle "CBM 100 Extra"]
[Source "ChessBase"]
[SourceDate "2004.07.06"]
[SourceVersion "2"]
[SourceVersionDate "2004.07.06"]
[SourceQuality "1"]

1. d4 d5 2. Nf3 Nc6 3. Bf4 Nf6 4. e3 Nh5 5. Bb5 Nxf4 6. exf4 Bd7 7. 0-0 e6 8. Re1 Be7 9. Qe2 0-0 10. c3 Bd6 11. Ne5 Qe8 12. Bd3 f6 13. Nxc6 bxc6 14. Qe3 Qh5 15. g3 g5 16. fxg5 fxg5 17. Nd2 Rf6 18. Be2 Qh6 19. Nf3 Raf8 20. Rf1 Rf4 21. Rae1 R8f5 22. Bd1 Qh3 23. Ne5 Re4 24. Qd2 Bxe5 25. Rxe4 Bxg3 26. hxg3 dxe4 27. Qe2 e3 28. Qxe3 g4 29. Qe4 Rg5 30. Re1 Rg6 31. Qh1 Qxh1+ 32. Kxh1 Rg5 33. Re5 Rxe5 34. dxe5 h5 35. Kg2 c5 36. Kf1 Bc6 37. Bc2 Kg7 38. Ke2 Kh6 39. Ke3 Kg5 40. b4 cxb4 41. cxb4 Bd5 42. a3 c6 43. Bd3 Bf3 44. Bc2 Bd5 45. a4 Bf3 46. Kd4 h4 47. gxh4+ Kxh4 48. Bb3 Bd5 49. Bxd5 cxd5 50. b5 Kh3 51. a5 Kg2 52. b6 axb6 53. a6 Kxf2 54. a7 g3 55. a8Q g2 56. Qf8+ Kg3 57. Qg7+ Kf2 58. Qf6+ Kg3 59. Qg5+ Kf3 60. Qe3+ Kg4 61. Qg1 Kg3 62. Kd3 b5 63. Qe3+ Kg4 64. Ke2 b4 65. Kf2 Kf5 66. Kxg2 b3 67. Kf3 b2 68. Qf4+ Kg6 69. Qf6+ Kh7 70. Qe7+ Kh8 71. Qb7 Kg8 72. Kg4 d4 73. Kg5 1-0

[Event "St Petersburg op"]
[Site "St Petersburg"]
[Date "2003.??.??"]
[Round "1"]
[White "Sepman, Yulius"]
[Black "Bagrunov, Vladimir"]
[Result "1-0"]
[WhiteElo "2314"]
[BlackElo "2127"]
[PlyCount "93"]
[EventDate "2003.??.??"]
[EventType "swiss"]
[EventRounds "9"]
[EventCountry "RUS"]
[SourceTitle "EXT 2005"]
[Source "ChessBase"]
[SourceDate "2004.11.15"]
[SourceVersion "1"]
[SourceVersionDate "2004.11.15"]
[SourceQuality "1"]

1. d4 e6 2. Nf3 d5 3. Bf4 c5 4. c3 Qb6 5. Qb3 Qxb3 6. axb3 Nc6 7. e3 Nf6 8. Na3 Nh5 9. Nb5 Nxf4 10. Nc7+ Kd7 11. Nxa8 Ng6 12. Bb5 a6 13. Nb6+ Kc7 14. Bxc6 Kxb6 15. Ba4 Kc7 16. dxc5 Bxc5 17. b4 Be7 18. 0-0 f5 19. Bc2 Bd7 20. Nd4 Kb6 21. Ba4 Bc8 22. Bc2 Ne5 23. Rfd1 Nc4 24. b3 Nd6 25. c4 Ka7 26. c5 Ne8 27. Bd3 Nc7 28. Rdc1 e5 29. Nxf5 Bf6 30. Bb1 e4 31. Nd4 Bxd4 32. exd4 Nb5 33. Rd1 Bg4 34. Rd2 Re8 35. Bc2 e3 36. fxe3 Rxe3 37. Kf2 Rc3 38. Bxh7 Rxb3 39. Rb1 Ra3 40. h3 Bh5 41. Re1 Rc3 42. Re5 Bf7 43. Re7 Bh5 44. g4 Rxh3 45. gxh5 Rh2+ 46. Ke3 Rh3+ 47. Kf4 1-0

[Event "St Petersburg op"]
[Site "St Petersburg"]
[Date "2003.??.??"]
[Round "3"]
[White "Sepman, Yulius"]
[Black "Bobrov, Valentin"]
[Result "1-0"]
[WhiteElo "2314"]
[BlackElo "2264"]
[PlyCount "97"]
[EventDate "2003.??.??"]
[EventType "swiss"]
[EventRounds "9"]
[EventCountry "RUS"]
[SourceTitle "EXT 2005"]
[Source "ChessBase"]
[SourceDate "2004.11.15"]
[SourceVersion "1"]
[SourceVersionDate "2004.11.15"]
[SourceQuality "1"]

1. d4 Nf6 2. Nf3 c5 3. c3 e6 4. g3 Na6 5. Bg2 Be7 6. 0-0 0-0 7. Bg5 d5 8. e3 b6 9. Ne5 Qc7 10. Nd2 h6 11. Bxf6 gxf6 12. Nd3 Kh7 13. e4 Bb7 14. exd5 Bxd5 15. Bxd5 exd5 16. Nf4 Qd7 17. Nf3 Nc7 18. Qd3+ Kh8 19. Nh4 Rg8 20. Qf5 Rad8 21. Qxd7 Rxd7 22. Nf5 Kh7 23. Rfe1 Bd8 24. h4 Rg4 25. Kg2 Rxf4 26. gxf4 Ne6 27. Kf3 Bc7 28. Rg1 Bxf4 29. Rg4 Bd6 30. Rag1 Bf8 31. Rg8 Rd8 32. Ng7 Ng5+ 33. hxg5 Kxg8 34. gxh6 Kh7 35. Nf5 Re8 36. Rd1 c4 37. Rh1 b5 38. Ne3 Re6 39. Kg4 a6 40. Rh5 a5 41. a3 b4 42. axb4 axb4 43. Rxd5 Rc6 44. Rd7 Bxh6 45. Rxf7+ Kg6 46. Rb7 bxc3 47. bxc3 Bxe3 48. fxe3 f5+ 49. Kf4 1-0